00846nam a2200229 a 450000100100000000500170001000800410002702000150006804000250008308200180010810000240012624500860015026000540023630000210029065000500031165000360036165000390039770000320043604900090046895201220047799900170059900002128620200930011303.0100903s1978 sp 000 0 spa d a8425407257 aDO-SdBNPbspacBNPHU a305.42bF523i1 aFirkel, Eva.94448010aIdentidad de la mujer /cEva Firkel; versión castellana de Marciano Villanueva. aBarcelona, (España) :bEditorial Herder,c1978. a108 p. ;c22 cm. 4aMujeresxCuestiones sociales y morales911704 4aPsicología de la mujer943610 4aTrabajo social con la mujer9444811 aVillanueva, Marciano944482 aBNGR 001054708MOaGRbGRcCTd2010-09-03iLF1l0o305.42 F523ip21286-10r2020-06-25w2020-06-25y4ZPréstamo en sala c20786d20786